| 000 | 01060namaa22002291 4500 | ||
|---|---|---|---|
| 001 | 174356 | ||
| 003 | ES-MaACL | ||
| 005 | 20250815105712.0 | ||
| 008 | 100406s1925 sp r |||| | spa d | ||
| 080 | _a594(46):801.3 | ||
| 080 | _a801.3:594(46) | ||
| 100 | 1 |
_aAzpeitia Moros, Florentino. _924347 |
|
| 245 | 1 | 0 |
_aRectificación de nombre para una "Helix" española (H. Huidobroi Azp.) y revisión de las especies que tienen mayor afinidad con ella / _cpor Florentino Azpeitia Moros. |
| 260 |
_aMadrid : _bJunta para la Ampliación de Estudios e Investigaciones Científicas, _c1925. |
||
| 300 |
_a37 p. : _bil. ; _c24 cm. |
||
| 490 | 1 |
_aTrabajos del Museo Nacional de Ciencias Naturales. Serie Zoológica ; _vv. 51 |
|
| 650 | 4 |
_aMoluscos- _xNombres vulgares- _zEspaña. _9142462 |
|
| 710 | 2 |
_aJunta para la Ampliación de Estudios e Investigaciones Científicas. _95413 |
|
| 830 | 0 | 0 |
_aTrabajos del Museo Nacional de Ciencias Naturales. _pSerie zoológica _vv. 51 _9189348 |
| 852 |
_aES-MaACL _jB-13154(2) _z.- Rúst. |
||
| 999 |
_c174356 _d174356 |
||